BIBLIOTHÈQUE DE LA MAISON DU MEXIQUE

Logo 1 Logo 2

Casas barrocas (notice nᵒ 5245)

détails MARC
000 -Sello discográfico
campo de control de longitud fija 00997nam0a2200301 4500
005 - Identificación de versión
campo de control 20260210095046.0
010 ## - Número Estándar Internacional de Libros (ISBN)
Número (ISBN) 970-35-0768-9
035 ## - Otros números de control del sistema
Número de control del sistema 33173
099 ## - fechas locales
Tipo de ítem Koha LIBRO
100 ## - Datos de procesamiento general
Datos de procesamiento general 20111021d2005 m y0spay5003 ba
101 ## - Idioma del recurso
Idioma del texto, banda sonora, etc. Español; Castellano
105 ## - Campo de datos codificados: Material textual, monográfico
Datos codificados de monografía a 001zy
200 1# - Título y mención de responsabilidad
Título propio Casas barrocas
Designación general del material texto impreso
Primer mención de responsabilidad Enrique Ayala Alonso
205 ## - Declaración de edición
Declaración de edición 1a ed
210 ## - Publicación, distribución, etc.
Lugar de publicación, distribución, etc. México
Nombre del editor, distribuidor, etc. Consejo Nacional para la Cultura y las Artes
Fecha de publicación, distribución, etc. 2005
215 ## - Descripción física
Designación de material específico y extensión del ítem 32 p
Otras características físicas fot.
Dimensiones 17 cm
345 ## - Nota de información de adquisición
Fuente de adquisición/dirección de la suscripción [OBSOLETO] Donación 'Salon du Livre 2009'
410 #1 - Series
Título Círculo de arte
Nombre de parte o sección Arquitectura
606 ## - Término temático usado como materia
Elemento de entrada Arquitectura barroca
Subdivisión geográfica México
Número Koha 10403
606 ## - Término temático usado como materia
Elemento de entrada Arquitectura colonial
Subdivisión geográfica México
Número Koha 1214
606 ## - Término temático usado como materia
Elemento de entrada Arquitectura doméstica
Subdivisión geográfica México
Subdivisión temática Historia
Subdivisión cronológica Siglo XVII
Número Koha 10404
606 ## - Término temático usado como materia
Elemento de entrada Arquitectura doméstica
Subdivisión geográfica México
Subdivisión temática Historia
Subdivisión cronológica Siglo XVIII
Número Koha 10405
700 ## - Nombre personal - Responsabilidad primaria
Elemento de entrada Ayala Alonso
Parte del nombre distinta del elemento de entrada Enrique
Número Koha 10406
801 #0 - Fuente de origen
País FR
Agencia cm
Reglas de catalogación (convenciones descriptivas) AFNOR
942 ## - ELEMENTOS DE ENTRADA SECUNDARIOS (KOHA)
Tipo de ítem Koha Livre
Exemplaires
Estatus retirado Estado de daño Estado de pérdida Fecha de adquisición Biblioteca de origen Biblioteca actual Ubicación en estantería Código de barras Precio de reemplazo Signatura topográfica completa No para préstamo Tipo de ítem Koha Nota pública Nota no pública
      05/08/2025 Casa México Paris Casa México Paris   000617 05/08/2025 704.9 C571 V.91   Livre 20111021LIV 751145101